000 00290nam a22001337a 4500
008 170823b xxu||||| |||| 00| 0 eng d
020 _a9780821809181
041 _aeng
080 _a51
100 _a38
101 _aMAT
245 _aALGEBRAIC GEOMETRY
_cMIYANISHI,M
942 _2udc
_cBK
999 _c24726
_d24726